00455nam a22001457a 4500040000900000082001300009100003200022110003300054245002700087260003800114650002500152942001200177999001900189952010100208 cNUST a297bNAS aAbu Lais Samarqandi9124992 aMaulana Abdul Majeed9124993 aTanbihul Ghafilin Urdu aMultan:bMaktaba mudariya,c2000. aislamic book9109618 2ddccBK c610760d610760 00102ddc4070aCEMEbCEMEcGENd2024-08-02l0o297 NASpCEME-37315r2024-08-02w2024-08-02yBK